Aplikácia metód projektového plánovania v podniku s využitím metódy SIX SIGMA : Bakalárska práca

Enregistré dans:
Détails bibliographiques
Auteur principal: Vitteková, Miriam (Auteur)
Autres auteurs: Ončák, Peter, 1938- (xxx)
Format: Manuscrit Livre
Langue:slovaque
Publié: Trnava : STU v Bratislave MtF KPIM, 2006
Sujets:
Tags: Ajouter un tag
Pas de tags, Soyez le premier à ajouter un tag!

MARC

LEADER 00000ntm a22000003a 4500
001 stu129294
005 20160719155629.9
008 061107s2006----xo------------------slo-d
040 |a STU  |b slo 
041 0 |a slo 
044 |a xo 
100 1 |a Vitteková, Miriam  |4 aut 
245 1 |a Aplikácia metód projektového plánovania v podniku s využitím metódy SIX SIGMA :  |b Bakalárska práca 
260 |a Trnava :  |b STU v Bratislave MtF KPIM,  |c 2006 
300 |a 62 s  |c 1 CD-ROM 
650 7 |a priemyselné inžinierstvo a manažment  |2 stusub 
650 7 |a projektové riadenie  |2 stusub 
700 1 |a Ončák, Peter,  |d 1938-  |4 xxx  |u M190  |U MTF Materiálovotechnologická fakulta  |T MTF Katedra priemyselného inžinierstva a manažmentu  |X 1508  |U M190  |Y 167  |7 A000001508 
996 |b 284M074711  |c M*BP-1967  |l MMSKP  |s P  |a 0  |w stu129294_0001